|
|
แสดงรายละเอียดบรรณานุกรม |
|
|
Brief Record
: Get Marc (ISO 2709)
: E-mail record
: |
| LEADER 00000nama 2200000uu 4500 | |||
| 001 182926 | |||
| 003 ULIBM | |||
| 008 040531s1998 th m m a000 0 tha d | |||
| 020 078-179-199-5 | |||
| 041 eng | |||
| 050 WY16 L742i 1998 | |||
| 100 Lingberg, Jonice B. | |||
| 245 Introduction to nursing : concepts , issues and opportunitie/ Jonice B. Lindberg , Mary Love hunter and Ann Z.Kruszewski 001 | |||
| 250 3 | |||
| 260 Philadelphia Lippincott 1998 | |||
| 300 466 p. | |||
| 650 Nursing | |||
| 998 1999-10-07 | |||
| คุณยังไม่ได้ล็อกอิน คุณสามารถมีกิจกรรมร่วมกับเว็บไซต์ได้ แต่ต้องล็อกอินก่อน :: |
|
| สถานะ | |||||||||
| 1. | หนังสือทั่วไป สถานะ=อยู่บนชั้นแสดงหนังสือ | WY16 L742i 1998 | On Shelf ขอยืม | ||||||
| [แสดง 1/1 รายการ] | |||||||||
BibComment |
| คอมเมนท์ทรัพยากรรายการนี้ |
|
|